| 000 | 00417nam a2200133Ia 4500 | ||
|---|---|---|---|
| 005 | 20251222143130.0 | ||
| 008 | 251222s9999||||xx |||||||||||||| ||spa|| | ||
| 020 | _a978-9972-804-83-0 | ||
| 082 | _a388.049.85/V35 | ||
| 100 | _aVásquez Cordano, Arturo | ||
| 245 | 0 | _aEnsayos Sobre El Rol de la Infraestructura Vial en el Crecimiento Económico del Perú | |
| 264 | _bBanco Central de Reserva del Perú | ||
| 942 | _cLIB | ||
| 999 |
_c11902 _d11902 |
||